On wore way to writing : a writing workshop for intermediate learners

Bibliographic Details
Main Author: Genzel, Rhona B
Format: Book
Published: Massachusette : 1992 Heinle & Heinle Publishers
Subjects:

MARC

LEADER 00000cam a2200000 7i4500
001 0000005109
002 000005518
005 20000330.0
020 |a 0838434320 
090 0 0 |a 808.042   |b GEN 
100 1 |a Genzel, Rhona B 
245 1 0 |a On wore way to writing :   |b a writing workshop for intermediate learners   |c Rhona B.Genzel 
260 |a Massachusette :   |b Heinle & Heinle Publishers   |a 1992 
300 |a 193 p. :   |b 31 cm 
650 0 0 |a English language   |x Rhetoric 
999 |a 033963   |b BUKU   |c PINJAMAN   |e PERPUSTAKAAN KOMUNITI PETALING JAYA